|
|
|
|
| LEADER |
00000nab a2200000u 4500 |
| 001 |
vtls011785197 |
| 003 |
SK-MaSNL |
| 005 |
20260303210804.0 |
| 008 |
181015|20181012xo ||||||| || ||slo| |
| 038 |
|
|
|a KEVKJB
|
| 040 |
|
|
|a KEVKJB
|b slo
|e rda
|
| 041 |
0 |
|
|a slo
|
| 043 |
|
|
|a e-xo---
|
| 044 |
|
|
|a xo
|c SK
|
| 072 |
|
7 |
|a 614
|x Verejné zdravie a hygiena
|2 konspekt
|
| 080 |
|
|
|a 614.21
|2 2011
|
| 100 |
1 |
|
|a Almášiová, Monika
|4 aut
|9 1086573
|
| 245 |
1 |
0 |
|a Košickú nemocnicu mrzí, že skončila posledná
|b má málo spokojných pacientov a veľa sťažností
|c Monika Almášiová
|
| 300 |
|
|
|b Fotografie
|
| 336 |
|
|
|a text
|b txt
|2 rdacontent
|
| 337 |
|
|
|a bez média
|b n
|2 rdamedia
|
| 338 |
|
|
|a zväzok
|b nc
|2 rdacarrier
|
| 610 |
2 |
7 |
|a Univerzitná nemocnica L. Pasteura Košice
|2 kevkjb
|9 155401
|
| 610 |
2 |
7 |
|a INEKO (Bratislava, Slovensko)
|2 kevkjb
|9 35097
|
| 650 |
0 |
7 |
|a nemocnice
|2 kevkjb
|9 3008
|
| 651 |
|
7 |
|a Košice (Slovensko)
|2 kevkjb
|9 18694
|
| 773 |
0 |
|
|t Korzár
|g Roč. XXI., č. 235 (12.10.2018), s. 2
|x 2585-7355
|
| 852 |
|
|
|a KEVKJB
|b KIS3GCP
|
| 856 |
4 |
1 |
|u https://kosice.korzar.sme.sk/c/20935373/kosicku-nemocnicu-mrzi-ako-dopadla-v-rebricku-ineko-skoncila-posledna.html
|
| 958 |
|
|
|a MI
|
| 999 |
|
|
|c 2201730
|d 2203660
|